| 000 | 00596nam a2200205 a 4500 | ||
|---|---|---|---|
| 005 | 20221116063459.0 | ||
| 008 | 031205s2002 es r 000 0 spa d | ||
| 020 | _a8497560183 | ||
| 035 | _aUPN01000131101 | ||
| 049 | _aCG | ||
| 050 | 4 |
_aHF5549 _bB3.6 |
|
| 100 | 1 |
_aBayón Mariné, Fernando, _d1949- |
|
| 245 | 1 | 0 |
_aOrganizaciones y recursos humanos / _cFernando Bayón Mariné. |
| 260 |
_aMadrid : _bSíntesis, _c[2002]. |
||
| 300 | _a559 p. | ||
| 440 | 0 |
_aEconomía de la empresa ; _v5 |
|
| 650 | 2 |
_aAdministración de personal _9487 |
|
| 650 | 2 |
_aRecursos humanos _99244 |
|
| 905 | _aLibro | ||
| 999 |
_c103256 _d103256 |
||